Inter-Religious Marriages Among Muslims (Record no. 18552)

MARC details
000 -LEADER
fixed length control field 00571nam a2200229 a 4500
020 ## - INTERNATIONAL STANDARD BOOK NUMBER
ISBN
082 00 - DEWEY DECIMAL CLASSIFICATION NUMBER
Classification number 392.5
Author Cutter NAI
100 ## - MAIN ENTRY--AUTHOR NAME
Author name Naim An, Abdullahi
245 ## - TITLE STATEMENT
Title Inter-Religious Marriages Among Muslims
260 ## - PUBLICATION, DISTRIBUTION, ETC. (IMPRINT)
Place of publication Delhi
Name of publisher Global Media Pub
Year of publication 2005
300 ## - PHYSICAL DESCRIPTION
Number of Pages 00p
500 ## - GENERAL NOTE
General note includes index and biblioraphy
650 ## - SUBJECT ADDED ENTRY--TOPICAL TERM
Topical Term Marriage-Interfaith
942 ## - ADDED ENTRY ELEMENTS (KOHA)
Koha item type Books
700 1# -
-- Naim An, Abdullahi
Holdings
Collection code Home library Current library Date acquired Cost, normal purchase price Full call number Accession Number Koha item type
  Henry Martyn Institute Library Henry Martyn Institute Library 09/17/2007 100.00 392.5 NAI 11001866 Books
                   Copyright © 2026 | Henry Martyn Institute | Hyderabad | TS-500052 | INDIA | Implemented by hmi.edu.in
Hit-Count:

Powered by Koha